| 000 | 00534nam a2200205Ia 4500 | ||
|---|---|---|---|
| 005 | 20260531145103.0 | ||
| 008 | 260531s9999 xx 000 0 und d | ||
| 020 | _a9781259028472 | ||
| 041 | _aEnglish | ||
| 082 | _a624.21 KRI | ||
| 100 | _aKrishna (Prem) | ||
| 245 | 0 | _aCable Suspended Roofs | |
| 250 | _a2 | ||
| 260 |
_bMcgraw Hill Education (India) Private Limited _aNew Delhi _c2013 |
||
| 300 |
_bPaper Back _a285+16 |
||
| 563 | _aPaper Back | ||
| 650 | _a Bridge Engineering | ||
| 700 | _aGodbole (P N) | ||
| 942 | _cBK | ||
| 999 |
_c195015 _d195015 |
||